书目信息 |
| 题名: |
读音通鉴论
|
|
| 作者: | 王夫之原 著 ;勾利军 , 刘海文 主编 | |
| 分册: | ||
| 出版信息: | 太原 山西人民出版社 1994.09 |
|
| 页数: | 1067页 | |
| 开本: | 29cm | |
| 丛书名: | ||
| 单 册: | ||
| 中图分类: | K204.3 | |
| 科图分类: | ||
| 主题词: | 中国--通史 | |
| 电子资源: | ||
| ISBN: | 7-203-03157-8 | |
| 000 | 00690nam0 2200217 45 | |
| 001 | 0361589810 | |
| 005 | 2003062617062981 | |
| 010 | @a7-203-03157-8@b精装@dCNY 65.00 | |
| 100 | @a20030626d1994 km y0chiy0120 ea | |
| 101 | 0 | @achi |
| 102 | @aCN@b140000 | |
| 200 | 1 | @a读音通鉴论@Adu yin tong jian lun@f王夫之原著;勾利军,刘海文主编@Fwang fu zhi yuan zhu;gou li jun,liu hai wen zhu bian |
| 210 | @a太原@c山西人民出版社@d1994.09 | |
| 215 | @a1067页@d29cm | |
| 606 | 0 | @a中国@x通史 |
| 690 | @aK204.3@v4 | |
| 701 | 0 | @a王夫之原@Awang fu zhi yuan@4著 |
| 702 | 0 | @a勾利军@Agou li jun@4主编 |
| 702 | 0 | @a刘海文@Aliu hai wen@4主编 |
| 801 | 0 | @aCN@bPDSGXY@c20030626 |
| 905 | @aPDSGXY@dK204.3@eW170 | |
| 读音通鉴论/王夫之原著;勾利军,刘海文主编.-太原:山西人民出版社,1994.09 |
| 1067页;29cm |
| ISBN 7-203-03157-8(精装):CNY 65.00 |
| ● |
| 相关链接 |
|
|
|
正题名:读音通鉴论
索取号:K204.3/W170
 
预约/预借
| 序号 | 登录号 | 条形码 | 馆藏地/架位号 | 状态 | 备注 |
| 1 | 201326 | 202013267 | 社科库309/309社科库 36排2列2层/ [索取号:K204.3/W170] | 在馆 |